Služby - vybrané problémy
Niektoré problémy súvisiace so službami ako kategóriou. Jedna skupina problémov spojená s chápaním služieb a druhá skupina s konkrétnymi problémovými faktormi, ktoré sú spojené s charakterom služieb. Tri z týchto problematických faktorov - asymetrické rozdelenie informácií, meranie objemu služieb a...
Gespeichert in:
| 1. Verfasser: | |
|---|---|
| Weitere Verfasser: | |
| Format: | Buchkapitel |
| Sprache: | Slowakisch |
| Schlagworte: | |
| Tags: |
Keine Tags, Fügen Sie das erste Tag hinzu!
|
MARC
| LEADER | 00000naa$a2200000$$$4500 | ||
|---|---|---|---|
| 001 | 0280944 | ||
| 005 | 20240502074349.2 | ||
| 041 | 0 | |a slo | |
| 044 | |a SK | ||
| 245 | 1 | 0 | |a Služby - vybrané problémy |c Jozef Gajdoš, Pavol Andrejovský |
| 520 | |a Niektoré problémy súvisiace so službami ako kategóriou. Jedna skupina problémov spojená s chápaním služieb a druhá skupina s konkrétnymi problémovými faktormi, ktoré sú spojené s charakterom služieb. Tri z týchto problematických faktorov - asymetrické rozdelenie informácií, meranie objemu služieb a ľudský faktor v službách. | ||
| 610 | 2 | 0 | |a služby |
| 610 | 2 | 0 | |a definície |
| 610 | 2 | 0 | |a zamestnanci |
| 610 | 2 | 0 | |a spoločnosť |
| 100 | 1 | |a Gajdoš, Jozef, 1962-2025 | |
| 700 | 1 | |a Andrejovský, Pavol, 1975- | |